Rock and Pop Quiz - Statistics

General Stats
  • This quiz has been taken 971 times
  • The average score is 8 of 15
Answer Stats
Hint Answer % Correct
Drummer and then singer for Genesis Phil Collins
84%
Madonna's first no.1 hit Like a Virgin
77%
Nirvana drummer and Foo Fighters singer/guitarist Dave Grohl
75%
Billie Joe Armstrong fronts these pop-punkers Green Day
70%
"Rude Boy" scored number ones around the world for this Barbadian Rihanna
64%
'79 Album by Pink Floyd The Wall
62%
2000 hit for Eminem about obsessed fan Stan
54%
"Love in an Elevator" charted for these rockers Aerosmith
53%
"Heart of Gold" was a U.S. no.1 for this Canadian Neil Young
51%
"Gimme all your lovin' " was by this Houston band ZZ Top
49%
Known for "Breaking the Law" Judas Priest
48%
3rd Metallica studio album spawned a single of the same name Master of Puppets
39%
Money oriented Jessie J hit in 2011 Price Tag
36%
2011 hit for Lady Gaga Born this Way
25%
The Bangles 1987 cover of the Simon and Garfunkel hit A hazy shade of winter
23%
No matching quizzes found
Score Distribution
Percent of People with Each Score
Percentile by Number Answered
Your Score History
You have not taken this quiz